Divanda kılıç dövüşü (Record no. 10227)

MARC details
000 -BAŞLIK
Sabit Uzunlukta Kontrol Alanı 00878na a2200289 4500
001 - KONTROL NUMARASI
Denetim Alanı 14795
003 - KONTROL NUMARASI IDENTIFIER
Denetim Alanı MIRAKIL
005 - SON İŞLEM TARİHİ VE ZAMANI
Denetim Alanı 20181213155312.0
008 - SABİT-BOY VERİ ELEMANLARI - GENEL BİLGİLER
Sabit Uzunlukta Kontrol Alanı 161028b tu 000 0
020 ## - ULUSLARARASI STANDART KİTAP NUMARASI
Uluslararası Standart Kitap Numarası 9786053991748
035 ## - SİSTEM KONTROL NUMARASI
Sistem Kontrol Numarası 14795
040 ## - KATALOGLAMA KAYNAK
Orijinal Kataloglama Ajansı Milas
Kataloglama Dili tur
Metne Dönüştürmek Ajansı TR-AnCHP
041 ## - DİL KODU
Metin / Ses Parça Veya Ayrı Başlığın Dil Kodu tur
082 ## - DEWEY ONLU SINIFLANDIRMA NUMARASI
Sınıflandırma Numarası 150.195
Ürün Numarası V64d 2010
090 ## - SINIFLAMA NUMARASI
Sınıflama Numarası 150.195 V64d 2010
100 ## - ANA GİRİŞ - KİŞİSEL İSİM
Kişisel Ad Volkan, Vamik D.
245 ## - BAŞLIK TABLOSU
Başlık Divanda kılıç dövüşü
Sorumluluk Tablosu, Vb Vamık D. Volkan ; çeviren Banu Büyükkal
260 ## - YAYIN, DAĞITIM, VB
Yayın, Dağıtım, Vb Yeri İstanbul
Yayıncı, Dağıtıcı, Vs Adı İstanbul Bilgi Üniversitesi Yayınları
Yayın, Dağıtım, Vb Tarihi 2010
300 ## - FİZİKSEL TANIM
Kapsam 81 s.
Boyutlar 24 sm.
440 ## - SERİSİ TABLOSU / KATMA GİRİŞİ - BAŞLIK
Başlık İstanbul Bilgi Üniversitesi yayınları
Hacim / Ardışık Tanımı 324
490 ## - SERİSİ TABLOSU
Seri Beyanı Psike İstanbul Psikanaliz Kitaplığı Şimdi ve Burada
Hacim / Ardışık Tanımı 1
504 ## - KAYNAKÇA VB NOT
Kaynakça Vb Notu Kaynakça ve dizin var.
650 ## - KONU KATMA GİRİŞ - TOPİKAL DÖNEM
Topikal Süreli Veya Coğrafi Ad Giriş Elemanı Psikoloji
650 ## - KONU KATMA GİRİŞ - TOPİKAL DÖNEM
Topikal Süreli Veya Coğrafi Ad Giriş Elemanı Psikanaliz
700 ## - KATMA GİRİŞ - KİŞİSEL İSİM
Kişisel Ad Büyükkal, Banu,
Relator Terim çev.
942 ## - EKLENDİ GİRİŞ ELEMANLARI (KOHA)
Sınıflandırma Veya Raf Düzeni Kaynak Dewey Decimal Classification
Koha Öğesi Türü Books
999 ## - SİSTEM KONTROL NUMARALARI (KOHA)
Koha Biblionumber 10227
Koha Biblioitemnumber 10227
Holdings
Kalıcı Konum Mevcut Konum Edinme Tarihi Edinim Kaynak Toplam Check-Out'Lar Tam Çağrı Numarası Barkod Tarih Son Görülme İtibaren Geçerli Fiyatlar Koha Öğesi Türü
CHP Kütüphanesi CHP Kütüphanesi 09/01/2016 Bağış   150.195 V64d 2010 002212 09/01/2016 09/01/2016 Books